[Event "Hibrido del Sur op U2000 6th"]
[Site "Tornelo INT"]
[Date "2022.02.26"]
[Round "3"]
[White "Cruz Fiallos, Hamilton Tarley"]
[Black "Aspiazu Sibri, Marlon Steven"]
[Result "0-1"]
[WhiteElo "1825"]
[BlackElo "1936"]
[PlyCount "57"]
[EventDate "2022.02.26"]
[EventType "swiss"]
[EventRounds "6"]
[EventCountry "VEN"]
[SourceTitle "EXT 2023"]
[Source "ChessBase"]
[SourceDate "2022.10.05"]
[SourceVersion "1"]
[SourceVersionDate "2022.10.05"]
[SourceQuality "1"]

1. e4 d6 2. Nf3 g6 3. g3 Bg7 4. Bg2 c5 5. 0-0 Nc6 6. c3 e5 7. Na3 Nge7 8. Nc2 f5 9. exf5 gxf5 10. d4 cxd4 11. cxd4 e4 12. Nh4 0-0 13. g4 d5 14. gxf5 Nxf5 15. Nxf5 Bxf5 16. Be3 Qh4 17. Kh1 Kh8 18. a3 Rg8 19. Ne1 Bf8 20. f4 Bd6 21. Qd2 Rg6 22. Rg1 Rag8 23. Rf1 Rh6 24. Bg1 Rg4 25. Nc2 Rxf4 26. Ne3 Be6 27. Rac1 Rf7 28. Rxf7 Bxh2 29. b4 0-1

[Event "Hibrido del Sur op U2000 6th"]
[Site "Tornelo INT"]
[Date "2022.02.26"]
[Round "4"]
[White "Lugo Vargas, Juan Diego"]
[Black "Cruz Fiallos, Hamilton Tarley"]
[Result "1-0"]
[WhiteElo "1465"]
[BlackElo "1825"]
[PlyCount "25"]
[EventDate "2022.02.26"]
[EventType "swiss"]
[EventRounds "6"]
[EventCountry "VEN"]
[SourceTitle "EXT 2023"]
[Source "ChessBase"]
[SourceDate "2022.10.05"]
[SourceVersion "1"]
[SourceVersionDate "2022.10.05"]
[SourceQuality "1"]

1. e4 d5 2. exd5 c5 3. dxc6 e5 4. Nc3 Nf6 5. Bc4 Bd6 6. d3 0-0 7. Nge2 Re8 8. 0-0 Nxc6 9. Bg5 h6 10. Bxf6 Qxf6 11. Ng3 a6 12. Nge4 b5 13. Nxf6+ 1-0

[Event "Gibraltar Amateur op-A"]
[Site "Caleta"]
[Date "2016.01.26"]
[Round "2"]
[White "Cruz Fiallos, Hamilton Tarley"]
[Black "Boabaid, Jorge Alberto Duard"]
[Result "1/2-1/2"]
[WhiteElo "1836"]
[BlackElo "1895"]
[PlyCount "169"]
[EventDate "2016.01.25"]
[EventType "swiss"]
[EventRounds "5"]
[EventCountry "GGB"]
[SourceTitle "CBM 170 Extra"]
[Source "ChessBase"]
[SourceDate "2016.02.25"]
[SourceVersion "1"]
[SourceVersionDate "2016.02.25"]
[SourceQuality "1"]

1. e4 e5 2. Nf3 Nc6 3. g3 Bc5 4. Bg2 d6 5. 0-0 Nf6 6. Nc3 Bg4 7. d3 h6 8. Na4 Bb6 9. Nxb6 axb6 10. h3 Be6 11. a3 0-0 12. Re1 Qd7 13. Kh2 Nh7 14. d4 exd4 15. Nxd4 Nxd4 16. Qxd4 Ra5 17. Bd2 Rh5 18. h4 f5 19. Bf3 Nf6 20. Bxh5 Nxh5 21. exf5 Bxf5 22. Re3 Be6 23. Kg1 Nf6 24. Rae1 Bh3 25. Bc3 Qc6 26. f3 Rf7 27. Kh2 Bd7 28. Qd3 Ng4+ 29. Kg1 Nxe3 30. Rxe3 Qc5 31. Qd4 Qh5 32. Qd1 Bc6 33. Kg2 Qg6 34. Qe2 Qf5 35. Qd3 Qh5 36. Be1 Rf5 37. c4 Qf7 38. Bc3 b5 39. cxb5 Bxb5 40. Qd4 Bc6 41. Qd3 Rd5 42. Qe2 Bb5 43. Qe1 Rd3 44. Rxd3 Bxd3 45. Qe3 Bc4 46. g4 Be6 47. b4 h5 48. gxh5 Qf5 49. Qd4 Qh3+ 50. Kf2 Qh2+ 51. Ke1 Qg3+ 52. Kd2 Qg2+ 53. Kc1 Qf1+ 54. Qd1 Qxd1+ 55. Kxd1 Bf7 56. h6 gxh6 57. Bd2 h5 58. Bf4 Bb3+ 59. Kd2 Kf7 60. Bh2 Ke6 61. Kd3 Bd1 62. f4 b5 63. Kd4 Kf5 64. Ke3 c5 65. bxc5 dxc5 66. Kd2 Bf3 67. Ke3 Bd5 68. Bg3 Bc6 69. Be1 Kg4 70. Bf2 Kf5 71. Bg3 b4 72. axb4 cxb4 73. Be1 b3 74. Bc3 Kg4 75. Bf6 Bd7 76. Ke4 Bf5+ 77. Ke3 Bg6 78. Kd2 Kxf4 79. Kc1 Kf5 80. Bd8 Kg4 81. Kb2 Bc2 82. Be7 Kf5 83. Bd8 Kg4 84. Be7 Kf5 85. Bd8 1/2-1/2

[Event "Valencia op 7th"]
[Site "Valencia"]
[Date "2014.01.03"]
[Round "4"]
[White "Carbonell Sancho, Marc"]
[Black "Cruz Fiallos, Hamilton Tarley"]
[Result "0-1"]
[WhiteElo "1410"]
[BlackElo "1844"]
[PlyCount "58"]
[EventDate "2014.01.02"]
[EventType "swiss"]
[EventRounds "7"]
[EventCountry "ESP"]
[SourceTitle "CBM 158 Extra"]
[Source "ChessBase"]
[SourceDate "2014.02.28"]
[SourceVersion "1"]
[SourceVersionDate "2014.02.28"]
[SourceQuality "1"]

1. e4 d5 2. exd5 c6 3. dxc6 e5 4. cxb7 Bxb7 5. Bb5+ Nd7 6. Nf3 Bd6 7. d3 Ngf6 8. Nbd2 0-0 9. 0-0 Qb8 10. Bxd7 Nxd7 11. Ne4 Bc7 12. Re1 h6 13. b3 a5 14. Bb2 a4 15. Qe2 Re8 16. Qf1 Ra6 17. Re2 Qa8 18. h3 f5 19. Ned2 Rg6 20. Kh1 e4 21. Ne1 Nf6 22. Bxf6 gxf6 23. f3 Qa5 24. fxe4 fxe4 25. Nxe4 Kh8 26. Nf3 Qh5 27. Rae1 Reg8 28. b4 f5 29. Nc5 Rxg2 0-1